Statistics for The Madeira Quiz

Click here to take the quiz!

General Stats

  • This quiz has been taken 141 times
  • The average score is 7 of 14

Answer Stats

HintAnswer% Correct
The archipelago capitalFunchal
96%
The country it belongs toPortugal
96%
Continent they are nearest to (mainland)Africa
82%
National LanguagePortuguese
77%
Country they are nearest to (mainland)Morocco
69%
Small inhabited island off the coast of the islandPorto Santo
61%
The name of the walks around the mountainsLevada Walks
47%
Its highest pointPico Ruivo
43%
Deserted Islands of the coast of the islandDesertas Islands
34%
Spanish island group they are nearThe Canaries
32%
Rough population250,000
28%
What Funchal means in EnglishFennel
17%
When it was founded1420
11%
Unique transport you can get from MonteA Sledge
8%

Score Distribution

Percentile by Number Answered

Percent of People with Each Score

Your Score History

You have not taken this quiz